Générique Jem et les Hologrammes - Paroles - Statistiques

Statistiques générales
  • Ce quiz a été pris 24 fois
  • Le résultat moyen est 17 sur 22
Statistiques - réponses
Paroles % Correct
Et pour tous ceux que j'{aime}
94%
Et pour tous ceux que j'{aime}
94%
Mon nom c'est {Jem}
94%
Mon nom c'est {Jem}
94%
Mon nom c'est {Jem}
94%
Mon nom c'est {Jem}
94%
{Jem}
88%
Jem, Jem, c'est le {rêve}
88%
La joie, la {musique} magique
88%
Oh oh oh {Jem}
88%
La joie, la {musique} magique
81%
C'est nous les {Misfits}
75%
{Jem}
75%
On va faire un {malheur}
75%
Et le bon tempo qui {balance}
69%
Le rock et la {danse}
69%
On est les {meilleures}
69%
Oui nous les {Misfits}
69%
Un rythme {fou}
69%
Les {Misfits}
63%
Qui fait des {jaloux}
56%
Jem, Jem, c'est la {fièvre}
50%
Aucun quiz correspondant
Distribution des résultats
% des personnes avec chaque résultat
Percentile par nombre de réponses
Votre historique - résultats
Vous n’avez pas pris ce quiz